Ecuaciones diferenciales : teoría técnica y práctica /
El texto se caracteriza por estar escrito en forma directa. Presenta una gran calidad de aplicaciones modernas de las ecuaciones diferenciales para demostrar a los estudiantes su utilidad en la vida cotidiana. Contiene secciones especiales en donde se analizan con detalle aplicaciones particulares d...
| Clasificación: | QA371 S4.6518 2007 |
|---|---|
| Autor principal: | |
| Otros Autores: | , |
| Formato: | Libro |
| Idioma: | Español Inglés |
| Publicado: |
México, D. F. :
McGraw-Hill,
2007.
|
| Temas: |
MARC
| LEADER | 00000cam a2200000 i 4500 | ||
|---|---|---|---|
| 001 | 000115134 | ||
| 005 | 20240909170600.0 | ||
| 007 | ta | ||
| 008 | 080117s2007 mx a 001 0 spa | ||
| 020 | |a 9789701061435 | ||
| 020 | |a 9701061438 | ||
| 040 | |a DRPUC |b spa |e rda |c DRPUC |d UNAMX |d MX-MxUAM | ||
| 041 | 1 | |a spa |h eng | |
| 050 | 4 | |a QA371 |b S4.6518 2007 | |
| 090 | |a QA371 |b S4.6518 2007 | ||
| 099 | |a QA371 |b S46518 2007 | ||
| 100 | 1 | |a Simmons, George Finlay, |d 1925- , |e autor | |
| 240 | 1 | 0 | |a Differential equations. |l Español |
| 245 | 1 | 0 | |a Ecuaciones diferenciales : |b teoría técnica y práctica / |c George F Simmons, Steven G. Krantz. |
| 264 | 1 | |a México, D. F. : |b McGraw-Hill, |c 2007. | |
| 300 | |a xiii, 533 páginas : |b ilustraciones ; |c 23 cm. | ||
| 336 | |a texto |b txt |2 rdacontent | ||
| 337 | |a sin medio |b n |2 rdamedia | ||
| 338 | |a volumen |b nc |2 rdacarrier | ||
| 504 | |a Incluye referencias bibliográficas: (páginas 495-496). | ||
| 520 | 1 | |a El texto se caracteriza por estar escrito en forma directa. Presenta una gran calidad de aplicaciones modernas de las ecuaciones diferenciales para demostrar a los estudiantes su utilidad en la vida cotidiana. Contiene secciones especiales en donde se analizan con detalle aplicaciones particulares de las ecuaciones diferenciales en ingeniería, física y ciencias aplicadas. También señala el contexto histórico y humano que subyace a los desarrollos de temas clave en las ecuaciones diferenciales. Cada capítulo contiene una gran variedad de ejercicios con distintos grados de dificultad, así como problemas para discutir y explorar en clase con objeto de desarrollar el pensamiento crítico de los alumnos. | |
| 650 | 0 | |a Differential equations | |
| 650 | 0 | |a Mathematics | |
| 650 | 4 | |a Ecuaciones diferenciales | |
| 650 | 4 | |a Matemáticas | |
| 700 | 1 | |i Traducción de: |a Simmons, George Finlay. |t Theory, techniques, and practice. | |
| 700 | 1 | |a Krantz, Steven G., |e autor | |
| 905 | |a LIBROS | ||
| 938 | |a Comunidad |d Presupuesto Biblioteca 156.01. 01.92 |e ICL 20088 |f IBI20070122 | ||
| 938 | |c CBI |g Donación | ||
| 949 | |a Biblioteca UAM Iztapalapa |b Colección General |c QA371 S4.6518 2007 | ||


